Windows NT Server 4 unleashed

Bibliographic Details
Main Author: Garms, Jason
Other Authors: Butler, Heather E, Doell, Sandra
Format: Book
Published: Indianapolis : Sams Publishing , 1997
Edition:Professional reference edition
Subjects:

MARC

LEADER 00000cam a2200000 7i4500
001 0000020325
005 20080701.0
008 080624
020 |a 0672310023 
090 0 0 |a 005.44769   |b GAR 
100 1 |a Garms, Jason 
245 1 0 |a Windows NT Server 4 unleashed   |c Jason Garms, et al. 
250 |a Professional reference edition 
260 |a Indianapolis :   |b Sams Publishing ,   |c 1997 
650 0 |a Client/server computing 
650 0 |a Internet 
650 0 |a Microsoft windows 
700 1 |a Butler, Heather E 
700 1 |a Doell, Sandra 
740 0 |a Windows NT Server four 
999 |a 0001021144   |b Book   |c REFERENCE   |e Perbadanan Perpustakaan Awam Johor 
999 |a CD01021144   |b CD-ROM   |c REFERENCE   |e Perbadanan Perpustakaan Awam Johor